000 00892nas a2200301 4500
001 BR0706012
003 BR-BrBNA
005 20231205111226.0
007 ta
008 230509b bl.|||p| |||| 00| 00por d
040 _aBR-BrBNA
_bpor
_cBiblioteca Nacional de Agricultura
041 _a(Pt)
072 _aL73
100 1 _aSilva, L.A.F. da
100 1 _aSantin, A.P.I.
100 1 _aFioravante, M.C.S.
100 1 _aJaime, V. de S.
100 1 _aVeríssimo, A.C.C.
100 1 _aViana Filho, P.R.L.
245 1 _aAvaliação da eficiência de diferentes tratamentos da Papilomatose cutânea bovina
650 _aBOVINO
650 _aDOENÇA ANIMAL
650 _aPAPILOMATOSE
650 _aTRATAMENTO
773 0 _tVeterinária Notícias (Brazil)
_xISSN 0104-3463
_g(2004), v. 10(2) p. 35-41
_wBR0706012
909 _a202311
_bLúcia
_c55
_dLúcia Elande
942 _2AGRIS
_n0
_cANA
999 _c191465
_d191465